| 000 | 00463nam a2200193Ia 4500 | ||
|---|---|---|---|
| 008 | 210210b1956 xxu||||| |||| 00| 0 eng d | ||
| 082 | _a543/208 | ||
| 100 | _aSHENOY (K G) | ||
| 245 | _aText book of pre university chemistry | ||
| 260 |
_aUdupi _bMahatma Gandhi Memorial College., _c1956 |
||
| 300 | _a250 | ||
| 650 | _auniversity | ||
| 650 | _aText | ||
| 650 | _apre | ||
| 650 | _achemistry | ||
| 650 | _abook | ||
| 690 | _aChemistry | ||
| 906 | _a009621 | ||
| 999 |
_c127008 _d127008 |
||